LEADER 00973nam2 22002773i 450 001 NAP0041596 005 20251003044243.0 100 $a20080430d1965 ||||0itac50 ba 101 | $aita 102 $ait 181 1$6z01$ai $bxxxe 182 1$6z01$an 200 0 $a1$fDonato Greco, Guido Stampacchia 210 $aNapoli$cLiguori$d1965 215 $a423 p.$d24 cm. 461 1$1001NAP0041595$12001 $aEsercitazioni di matematica$fDonato Greco, Guido Stampacchia$v1 606 $aMatematica$xEsercizi$2FIR$3CFIC006232$9E 676 $a510$9MATEMATICA$v21 676 $a510$9MATEMATICA$v23 801 3$aIT$bIT-000000$c20080430 850 $aIT-BN0095 $aIT-AV0007 $aIT-NA0079 912 $aNAP0041596 950 2$aBiblioteca Centralizzata di Ateneo$cv. 1-2$d 01BCA SC. TECNOL 47$e 01 0000005135 VMA A4(0001 v. 1$fB $h20210901$i20210901 977 $a 01$a AV$a BN 996 $a1$961339 997 $aUNISANNIO